মিন্না নো নিহনগো এন-২ বাংলা গ্রামার
| Հիմնական հեղինակ: | |
|---|---|
| Ձևաչափ: | Անհայտ |
| Հրապարակվել է: |
Sakib BC
|
| LEADER | 00323 a2200085 4500 | ||
|---|---|---|---|
| 100 | |a আমিনুল ইসলাম (এইচ এম মনির) (অনুবাদক) |9 59256 | ||
| 245 | |a মিন্না নো নিহনগো এন-২ বাংলা গ্রামার | ||
| 260 | |b Sakib BC | ||
| 942 | |c BK | ||
| 999 | |c 47487 |d 47487 | ||